Griechische Literatur /

Bibliographic Details
Other Authors: Vogt, Ernst, 1931-, Gigon, Olof, 1912-1998
Format: Book
Language:German
Published: Wiesbaden : Akademische Verlagsgesellschaft Athenaion, [1981]
Series:Neues Handbuch der Literaturwissenschaft ; Bd. 2.
Subjects:

MARC

Tag First Indicator Second Indicator Subfields
LEADER 00000cam a2200000 a 4500
001 in00000080884
005 20151008054118.0
008 811016s1981 gw a b 00100 ger d
020 |a 3799700935 (set) 
020 |a 3799707034 (v. 2) 
035 |a (OCoLC)07851780 
035 |9 AAH9670AM 
040 |a IAI  |c IAI  |d TXA  |d UtOrBLW 
043 |a e-gr--- 
049 |a TXAM  |c [1387312] 
090 |a PN553  |b .N48 Bd.2 
245 0 0 |a Griechische Literatur /  |c von Ernst Vogt, in Verbindung mit Olof Gigon [and others]. 
264 1 |a Wiesbaden :  |b Akademische Verlagsgesellschaft Athenaion,  |c [1981] 
264 4 |c ©1981 
300 |a 428 pages :  |b illustrations ;  |c 25 cm. 
336 |a text  |b txt  |2 rdacontent 
337 |a unmediated  |b n  |2 rdamedia 
338 |a volume  |b nc  |2 rdacarrier 
490 1 |a Neues Handbuch der Literaturwissenschaft ;  |v Bd. 2 
504 |a Includes bibliographies and indexes. 
505 0 |a Die griechische Literatur / Ernst Vogt -- Epos, Epyllion und Lehrgedicht / Albin Lesky -- Melos, Iambos, Elegie und Epigramm / Martin L. West -- Die griechische Tragodie / Gustav Adolf Seeck -- Die griechische Komodie / Hans-Joachim Newiger -- Philosophie und Wissenschaft bei den Griechen / Olof Gigon -- Die Geschichtsschreibung / Arnaldo Momigliano -- Griechische Rhetorik und Beredsamkeit / Hildebrecht Hommel -- Der griechische Roman / Carl Werner Muller. 
650 0 |a Greek literature  |x History and criticism. 
700 1 |a Vogt, Ernst,  |d 1931- 
700 1 |a Gigon, Olof,  |d 1912-1998. 
830 0 |a Neues Handbuch der Literaturwissenschaft ;  |v Bd. 2. 
999 |a MARS 
999 f f |s 41f7ef8e-018b-3e2f-b6da-cd77327d8a01  |i 0393cece-1c8c-37b8-801d-edfa4eeda027  |t 0 
952 f f |p ric  |a Texas A&M University  |b Rellis Campus  |c Joint Library Facility  |d Remote Storage  |t 0  |e PN553 .N48 Bd.2  |h Library of Congress classification  |i unmediated -- volume  |m A14806177179 
998 f f |a PN553 .N48 Bd.2  |t 0  |l Remote Storage